Che : la vida por un mundo mejor /

Guardado en:
Autor Principal: O'donnell, Pacho
Formato: Libro
Publicado: Buenos Aires : Sudamericana
Edición:2a. ed.
Materias:
Etiquetas: Agregar Etiqueta
Sin Etiquetas, Sea el primero en etiquetar este registro!
LEADER 00540nam a22001935a 4500
001 CEM.cems011280
005 20071024181853.0
008 130507b######################000#0#####d
003 CEMS
020 |a 9500723751 
082 0 4 |a 923 
100 1 |a O'donnell, Pacho 
245 1 0 |a Che :  |b la vida por un mundo mejor /  |c Pacho O'donnell 
250 |a 2a. ed. 
260 |a Buenos Aires :  |b Sudamericana 
300 |a 571 p. 
653 |a Biografías 
653 |a Guevara, ernesto-biografía 
859 |a CEMS  |b BIB. CEMS - 11 de abril  |h 923  |i G939OD  |p 22203.03  |t Ej.1